000 01199nam0a2200337 4500
001 rc\165834
005 20250620214528.0
010 _a5-88590-287-9
_910000
035 _a(NLR Aleph) 005429826
090 _a7565496
_c7565496
100 _a20030307d1995 |||y0rusy50 ca
101 0 _arus
102 _aRU
105 _aa |||||||||
200 1 _aКомандиры "Третьего рейха"
_e[Пер. с англ.]
_fСемюель В. Митчем, Джин Мюллер
210 _aСмоленск
_cФирма "Русич"
_d1995
215 _a475, [2] с., [12] л. ил.
_cкарт.
_d22
225 1 _aТирания
300 _aНа пер. авт. не указаны
320 _aБиблиогр.: с. 466-476
320 _aБиблиогр. в примеч.: с. 445-465
606 1 _aПолководцы
_yГермания
_z1939 - 1945
_92156258
_3RU\NLR\AUTH\661298092
686 1 _aЦ35(0)62-424.1д
700 1 _aМитчем
_bС.
_cмладший
_gСэмюэл
701 1 _aМюллер
_bД.
_gДжин
801 0 _aRU
_bNLR
_gpsbo
801 1 _aRU
_bELAR
_2rusmarc
852 _aNLR
_j95-3/9187
942 _cBOOK
980 _aNB